000 00498nam a2200229Ia 4500
001 12221
003 GE_BSU
008 181216s||||||||xx |||||||||||||| ||und||
020 _a9780194372077
040 _cGE_BSU
080 _a165-74
100 _aYule,George.
245 _aPragmatics.
245 _cediT: H.G.Widdowson.
260 _aOxford.
260 _bOxford University Press.
260 _c1996
300 _a138p;20cm.
541 _h58ლ.
653 _aPragmatics.
942 _cBK
999 _c45397
_d45397